| 000 | 02355cgm a2200601Ia 4500 | ||
|---|---|---|---|
| 001 | 39377 | ||
| 005 | 20230410123840.0 | ||
| 007 | vd cvaizq | ||
| 008 | 010307p19981987cau102 vleng d | ||
| 035 | _a(OCoLC)ocm46390035 | ||
| 040 |
_aLVL _cLVL _dSVP _dOCL _dONU _dJED _dIAM _dOLN _dFYM _dOCLCQ _dRCS _dXFF _dBTCTA |
||
| 019 | _a40658022 | ||
| 020 | _a0792838963 | ||
| 020 | _a9780792838968 | ||
| 024 | 1 | 0 | _a027616626523 |
| 028 | 4 | 2 |
_a906265 _bMGM Home Entertaiment |
| 035 |
_a(OCoLC)46390035 _z(OCoLC)40658022 |
||
| 041 | 1 |
_aeng _afre _heng _bspa _heng |
|
| 092 |
_a791.4372 _bM8182 |
||
| 050 | 1 | 4 | _aCM DVD 00820 |
| 049 | _aGRAL | ||
| 130 | 0 | _aMoonstruck (Motion picture) | |
| 245 | 1 | 0 |
_aMoonstruck _h[videorecording] / _cMetro-Goldwyn-Mayer ; director, Norman Jewison ; producers, Patrick Palmer and Norman Jewison ; screenwriter, John Patrick Shanley. |
| 260 |
_aSanta Monica, CA : _bMGM Home Entertainment, _c1998. |
||
| 300 |
_a1 videodisc (1 hr., 42 min.) : _bsd., col. ; _c4 3/4 in. |
||
| 538 | _aDVD, Dolby digital. | ||
| 500 | _aStandard full screen format (modified to fit TV screen). | ||
| 521 | 8 | _aRated PG. | |
| 546 | _aClosed captioned. | ||
| 546 | _aIn English with optional French soundtrack and optional English, French, and Spanish subtitles. | ||
| 511 | 1 | _aCher, Nicolas Cage, Vincent Gardenia, Olympia Dukakis, Danny Aiello. | |
| 500 | _aVideodisc release of 1987 motion picture. | ||
| 500 | _aSpecial features include audio commentary by Cher, Norman Jewison and John Patrick Shanley; original theatrical trailer. | ||
| 520 | _aAn "unlucky in love" Italian-American widow just weeks away from her wedding falls for her fiance's younger brother. | ||
| 650 | 0 |
_aMan-woman relationships _vDrama. |
|
| 650 | 0 | _aComedy films. | |
| 650 | 0 | _aVideo recordings for the hearing impaired. | |
| 650 | 0 | _aFeature films. | |
| 655 | 7 |
_aVideos (DVD) _2local |
|
| 700 | 1 |
_aJewison, Norman, _d1926- |
|
| 700 | 1 | _aPalmer, Patrick. | |
| 700 | 1 | _aShanley, John Patrick. | |
| 700 | 0 |
_aCher, _d1946- |
|
| 700 | 1 |
_aCage, Nicolas, _d1965- |
|
| 700 | 1 | _aGardenia, Vincent. | |
| 700 | 1 | _aDukakis, Olympia. | |
| 700 | 1 |
_aAiello, Danny, _d1935- |
|
| 710 | 2 | _aMGM Home Entertainment Inc. | |
| 710 | 2 | _aMetro-Goldwyn-Mayer. | |
| 938 |
_aBaker and Taylor _bBTCP _nbe2003003186 |
||
| 942 |
_2lcc _cdvd |
||
| 994 |
_aC0 _bDRFGD |
||
| 999 |
_c67237 _d67237 |
||